02256cam a2200373 i 450000100090000000300040000900500170001300800410003001000170007102000150008804000280010304200080013105000220013910000240016124500660018525000130025126000440026430000220030833600260033033700280035633800270038450400530041152009280046452100370139252100410142965000320147065000290150270000250153190600450155694200120160199900170161395201200163095201320175021283650OSt20221103113846.0191031s2021 iaua j b 001 0 eng  a 2019049194 a1260575392 aDLCbengcDLCerdadDLC apcc00aR726.7b.T39 20211 aTaylor, Shelley E.,10aHealth psychology /cShelley E. Taylor and Annette L. Stanton a11th ed. aDubuque :bMcGraw-Hill Education,c2021 axx, 474 p :bill. atextbtxt2rdacontent aunmediatedbn2rdamedia avolumebnc2rdacarrier aIncludes bibliographical references and indexes. a"When I wrote the first edition of Health Psychology over 30 years ago, the task was much simpler than it is now. Health psychology was a new field and was relatively small. In recent decades, the field has grown steadily, and great research advances have been made. Chief among these de-velopments has been the use and refinement of the biopsychosocial model: the study of health issues from the standpoint of biological, psychological, and social factors acting together. In-creasingly, research has attempted to identify the biological pathways by which psychosocial fac-tors such as stress may adversely affect health and potentially protective factors such as social support may buffer the impact of stress. My goal in the tenth edition of this text is to convey this increasing sophistication of the field in a manner that makes it accessible, comprehensible, and exciting to undergraduates"--cProvided by publisher. aAges 18+bMcGraw-Hill Education. aGrades 10-12bMcGraw-Hill Education. 0aClinical health psychology. 0aMedicine, Psychosomatic.1 aStanton, Annette L., a7bcbccorignewd1eecipf20gy-gencatlg 2lcccBK c19773d19772 00102lcc70aKABUbKABUd2022-11-03g5814.00l0oR726.7 .T39 2021 c.1p032451r2022-11-03 00:00:00w2022-11-03yBK 00102lcc70aKABUbKABUd2022-11-03g5814.00l1oR726.7 .T39 2021 c.2p031365r2023-11-27 15:42:12s2023-09-14w2022-11-03yBK